| 000 | 00763nam a22001337a 4500 | ||
|---|---|---|---|
| 040 | _cRUA | ||
| 082 | _aAGR VOR 2015 B520 Or.1 | ||
| 100 | _aVORN SAVINH; វ៉ន សាវិញ | ||
| 245 | _aEffects of different levels of organic fertilizer on mung bean (Vigna radiate) in farmer s field condition in baphnom distrcit, prey veng province; ប្រសិទ្ធភាពនៃជីធម្មជាតិកម្រិតផ្សេងៗគ្នាលើំណាំសណ្ដែកបាយក្នុងលក្ខខណ្ឌស្រែកសិករ នៅស្រុកបាភ្នំ ខេត្តព្រៃវែង | ||
| 260 |
_aPhnom Penh _bVOR _c2015 |
||
| 300 |
_axi;43p. _bill. _c29cm. |
||
| 856 | _u VORN SAVINH | ||
| 942 | _cAGR | ||
| 999 |
_c10755 _d10755 |
||